| 000 | 00554nam a2200145Ia 4500 | ||
|---|---|---|---|
| 008 | 100204s9999 xx 000 0 und d | ||
| 082 | _b17140 | ||
| 100 | _aबांदोडकर व. पु./गो. पु | ||
| 245 | _aउध्वस्त साम्राज्य | ||
| 260 |
_b"बांदोडकर पब्लिशिंग हाऊस, गोवा" _c1994 |
||
| 300 | _a350 | ||
| 630 | _aउध्वस्त साम्राज्य | ||
| 730 | _aउध्वस्त साम्राज्य | ||
| 942 | _cBOOK | ||
| 999 |
_c461563 _d461560 |
||